000 00813nmm a2200265 a 4500
001 ocm0001257003
003 TR-IsHL
005 20201028160843.0
008 160715s2006 tu tur
007 cr cn
020 _a9789756335130
035 _a1257003
_b(N$T)
050 0 4 _aPL248.P69
_bB5 2006
090 0 4 _aPL248.P69
_bB5 2006
100 1 _aPoyrazoğlu, Ahmet
245 1 0 _aBir heybe şiir
_h[electronic resource] /
_cAhmet Poyrazoğlu
260 _aİstanbul :
_bErguvan Yayınevi,
_c2006
300 _a325 p.
650 4 _aDil ve Edebiyat
650 4 _aLanguage and Literature
650 0 _aTürk şiiri
650 0 _aTurkish poetry
650 7 _aPOETRY / Middle Eastern
_2bisacsh
856 4 0 _uhttp://search.ebscohost.com/login.aspx?direct=true&scope=site&db=e011xww&AN=1257003
999 _c13817
_d13817